African industrial development and European Union co-operation : prospects for a reengineered partnership /

Bibliographic Details
Other Authors: Matambalya, Francis A. S. T., (Editor)
Format: eBook
Language:English
Published: Oxfordshire, England ; New York, New York : Routledge, 2015.
Series:Routledge studies in development economics ; 113.
Subjects:
Online Access:Click to View
LEADER 02265nam a2200481 i 4500
001 EBC1775337
003 MiAaPQ
005 20200520144314.0
006 m o d |
007 cr cnu||||||||
008 140909t20152015enka ob 001 0 eng d
020 |z 9780415671279 
020 |a 9781315771199 (e-book) 
035 |a (MiAaPQ)EBC1775337 
035 |a (Au-PeEL)EBL1775337 
035 |a (CaPaEBR)ebr10921651 
035 |a (CaONFJC)MIL640694 
035 |a (OCoLC)889676633 
040 |a MiAaPQ  |b eng  |e rda  |e pn  |c MiAaPQ  |d MiAaPQ 
043 |a f------  |a e------ 
050 4 |a HC800.Z9  |b .A375 2015 
082 0 |a 338.96  |2 23 
245 0 0 |a African industrial development and European Union co-operation :  |b prospects for a reengineered partnership /  |c edited by Francis A. S. T. Matambalya. 
264 1 |a Oxfordshire, England ;  |a New York, New York :  |b Routledge,  |c 2015. 
264 4 |c 2015 
300 |a 1 online resource (453 pages) :  |b illustrations, tables. 
336 |a text  |2 rdacontent 
337 |a computer  |2 rdamedia 
338 |a online resource  |2 rdacarrier 
490 1 |a Routledge studies in development economics ;  |v 113 
504 |a Includes bibliographical references at the end of each chapters and index. 
588 |a Description based on print version record. 
590 |a Electronic reproduction. Ann Arbor, MI : ProQuest, 2015. Available via World Wide Web. Access may be limited to ProQuest affiliated libraries. 
650 0 |a Industrialization  |z Africa. 
650 0 |a Industrial policy  |z Africa. 
651 0 |a Africa  |x Foreign economic relations  |z European Union countries. 
651 0 |a European Union countries  |x Foreign economic relations  |z Africa. 
655 4 |a Electronic books. 
700 1 |a Matambalya, Francis A. S. T.,  |e editor. 
776 0 8 |i Print version:  |t African industrial development and European Union co-operation : prospects for a reengineered partnership.  |d Oxfordshire, England ; New York, New York : Routledge, c2015   |h xxxiv, 417 pages   |k Routledge studies in development economics ; 113.  |z 9780415671279   |w 2013048254 
797 2 |a ProQuest (Firm) 
830 0 |a Routledge studies in development economics ;  |v 113. 
856 4 0 |u https://ebookcentral.proquest.com/lib/matrademy/detail.action?docID=1775337  |z Click to View